00857cam a2200229u 45000010005000000030008000050050017000130080039000300350018000690400033000870410008001200820027001281000050001552450126002052500012003312600058003433000038004015040020004396500052004596510059005116510057005704618BD-RjUL20211208233926.0131223r19541913enk 000 0 eng a(BD-RjUL)4653 aDLCcCarPdDLCdBD-RjULbeng aeng00222a 342.41 bPRS 19541 aProthero, G. W.q(George Walter),d1848-1922.10aSelect statutes and other constitutional documents illustrative of the reigns of Elizabeth and James I /cG. W. Prothero. a4th ed. aOxford,bThe Clarendon press,c1913 [Reprinted 1954]. acxxv p., 490 p. , 1 l. ;c20 cm. aIncludes index. 0aConstitutional historyzGreat BritainvSources. 0aGreat BritainxHistoryyElizabeth, 1558-1603vSources. 0aGreat BritainxHistoryyJames I, 1603-1625vSources.